Представление документа в формате MARC21

Поле Инд. ПП Название Значение
Тип записи a
Библиографический уровень m
001 Контрольный номер 98669625-866c-48ef-8f34-edb889e22687
005 Дата корректировки 20140226174710.9
008 Кодируемые данные 000615 d
020 a ISBN 5-85250-499-8
040 a Служба первич. каталог. НБ ТвГУ
041 a Код языка текста rus
080 a Индекс УДК 613.89
084 a Индекс другой классификации/Индекс ББК Р702
090 x Авторский знак Н78
a Полочн. индекс Р702
100 1_ a Автор Нойберт Рудольф
245 10 a Заглавие Новая книга о супружестве
b Продолж. заглавия [Пробл. брака в настоящем и будущем : Пер. с 15-го нем.изд.
c Ответственность Ред. и вступ. ст. В.Н. Колбановского]
250 a Основные сведения об издании Репринт.воспроизведение изд. 1967 г.
260 0_ a Место издания Москва
b Издательство Прогресс
c Дата издания 1991
300 a Объем 320 с.
b Иллюстрации/ тип воспроизводства ил.
500 a Примечание Перевод изд.:Das neue Ehebuch.Die Ehe als aufgabe der Gegenwart und Zukunft /R. Noubert
504 a Библиография Библиогр.:с.314-318.
650 a Основная рубрика Брак
x Основная подрубрика Гигиена
653 a Ключевые слова Супружество
a Ключевые слова Брак
a Ключевые слова Гигиена брака
700 1_ a Другие авторы Колбановский В. Н.
e Роль лиц ред.
852 t Порядковый номер экземпляра 1
p Инвентарный номер 628207
852 t Порядковый номер экземпляра 1
p Инвентарный номер 628208
852 t Порядковый номер экземпляра 1
p Инвентарный номер 628209
999 a Подразделение 2 Фил3
a Подразделение 2 ч.з.
a Подразделение 2 Фил1